<?xml version="1.0" encoding="UTF-8"?>
<record
    xmlns:xsi="http://www.w3.org/2001/XMLSchema-instance"
    xsi:schemaLocation="http://www.loc.gov/MARC21/slim http://www.loc.gov/standards/marcxml/schema/MARC21slim.xsd"
    xmlns="http://www.loc.gov/MARC21/slim">

  <leader>00943nam a2200217 i 4500</leader>
  <controlfield tag="001">126547</controlfield>
  <controlfield tag="003">ES-MaACL</controlfield>
  <controlfield tag="005">20230906192835.0</controlfield>
  <controlfield tag="007">t|</controlfield>
  <controlfield tag="008">070214s1985    sp a         |||| | spa d</controlfield>
  <datafield tag="020" ind1=" " ind2=" ">
    <subfield code="a">84-7191-353-4</subfield>
  </datafield>
  <datafield tag="111" ind1="2" ind2=" ">
    <subfield code="a">Reuni&#xF3;n de Estudios Regionales (</subfield>
    <subfield code="n">9&#xAA;. </subfield>
    <subfield code="d">1983. </subfield>
    <subfield code="c">Santiago de Compostela)</subfield>
    <subfield code="9">135194</subfield>
  </datafield>
  <datafield tag="245" ind1="1" ind2="0">
    <subfield code="a">Crisis, autonom&#xED;as y desarrollo regional / </subfield>
    <subfield code="c">IX Reuni&#xF3;n de Estudios Regionales = IX Reunion de Estudos Rexionais ; [organizada por la] Asociaci&#xF3;n Galega de Ciencia Rexional.</subfield>
  </datafield>
  <datafield tag="260" ind1=" " ind2=" ">
    <subfield code="a">Santiago de Compostela : </subfield>
    <subfield code="b">Universidad, </subfield>
    <subfield code="c">1985.</subfield>
  </datafield>
  <datafield tag="300" ind1=" " ind2=" ">
    <subfield code="a">3 v. : </subfield>
    <subfield code="b">il. ; </subfield>
    <subfield code="c">24 cm.</subfield>
  </datafield>
  <datafield tag="650" ind1=" " ind2="4">
    <subfield code="a">Ordenaci&#xF3;n del territorio-</subfield>
    <subfield code="z">Espa&#xF1;a-</subfield>
    <subfield code="v">Congresos y asambleas.</subfield>
    <subfield code="9">169230</subfield>
  </datafield>
  <datafield tag="650" ind1=" " ind2="4">
    <subfield code="a">Desarrollo regional-</subfield>
    <subfield code="z">Espa&#xF1;a-</subfield>
    <subfield code="v">Congresos y asambleas.</subfield>
    <subfield code="9">169228</subfield>
  </datafield>
  <datafield tag="651" ind1=" " ind2="4">
    <subfield code="a">Espa&#xF1;a-</subfield>
    <subfield code="x">Pol&#xED;tica econ&#xF3;mica-</subfield>
    <subfield code="y">1975-</subfield>
    <subfield code="9">8409</subfield>
  </datafield>
  <datafield tag="710" ind1="2" ind2=" ">
    <subfield code="a">Asociaci&#xF3;n Galega de Ciencia Rexional.</subfield>
    <subfield code="9">1710</subfield>
  </datafield>
  <datafield tag="852" ind1=" " ind2=" ">
    <subfield code="a">ES-MaACL</subfield>
    <subfield code="j">L-8130-32</subfield>
  </datafield>
  <datafield tag="999" ind1=" " ind2=" ">
    <subfield code="c">126547</subfield>
    <subfield code="d">126547</subfield>
  </datafield>
  <datafield tag="952" ind1=" " ind2=" ">
    <subfield code="0">0</subfield>
    <subfield code="1">0</subfield>
    <subfield code="4">0</subfield>
    <subfield code="7">0</subfield>
    <subfield code="a">ATENEOM</subfield>
    <subfield code="b">ATENEOM</subfield>
    <subfield code="c">DEPO2</subfield>
    <subfield code="d">2008-01-17</subfield>
    <subfield code="e">SC</subfield>
    <subfield code="l">0</subfield>
    <subfield code="o">L-8130-32</subfield>
    <subfield code="p">1131805</subfield>
    <subfield code="r">2023-02-23 00:00:00</subfield>
    <subfield code="w">2023-02-23</subfield>
    <subfield code="y">MONOGRAFIA</subfield>
  </datafield>
</record>
